Perception of the 70th Anniversary of the Founding of the PRC in Slovakia

Postoj Slovenska k 70. výročiu Číny. Otázka zlepšenia vzájomných hospodárskych vzťahov medzi oboma krajinami. Výročie prezentované v médiách.

Saved in:
Bibliographic Details
Main Author: Ondriaš, Juraj, 1988-
Format: Book Chapter
Language:English
Subjects:
Tags: Add Tag
No Tags, Be the first to tag this record!

MARC

LEADER 00000naa a2200000 4500
001 0260991
005 20240502083746.7
041 0 |a eng 
044 |a HU 
245 1 0 |a Perception of the 70th Anniversary of the Founding of the PRC in Slovakia  |c Juraj Ondriaš 
520 |a Postoj Slovenska k 70. výročiu Číny. Otázka zlepšenia vzájomných hospodárskych vzťahov medzi oboma krajinami. Výročie prezentované v médiách. 
610 2 0 |a Čína 
610 2 0 |a Slovensko 
610 2 0 |a diplomacia 
610 2 0 |a vzťahy medzinárodné 
610 2 0 |a rozdiely kultúrne 
610 2 0 |a vzťahy hospodárske medzinárodné 
100 1 |a Ondriaš, Juraj, 1988-